Normal view
MARC view
- Cable television
Entry Topical Term
001 - CONTROL NUMBER
- control field: 104528
003 - CONTROL NUMBER IDENTIFIER
- control field: NUST
005 - DATE AND TIME OF LATEST TRANSACTION
- control field: 20221209092347.0
008 - FIXED-LENGTH DATA ELEMENTS
- fixed length control field: 221209|| aca||aabn | a|a d
040 ## - CATALOGING SOURCE
- Original cataloging agency: NUST
- Transcribing agency: NUST
150 ## - HEADING--TOPICAL TERM
- Topical term or geographic name entry element: Cable television
- General subdivision: Management
670 ## - SOURCE DATA FOUND
- Source citation: Work cat.: (NUST)182598: Sherman, Barry L. 68096, Telecommunications management :, c1995.
